| 000 | 01532nam a2200409Ii 4500 | ||
|---|---|---|---|
| 001 | DIGSM0215 | ||
| 003 | NyNyDIG | ||
| 008 | 221205s2015 sp ob 000 0 spa d | ||
| 006 | m o d | ||
| 007 | cr ||||||||||| | ||
| 035 | _a(OCoLC)1356297628 | ||
| 040 |
_aDGITA _beng _erda _epn _cDGITA |
||
| 020 |
_a9788428828338 _qeBook |
||
| 020 | _z9788428828147 | ||
| 050 | 1 | 4 | _aBR96 ebook |
| 100 | 1 |
_aMartínez Lozano, Enrique, _d1950- _eauthor. |
|
| 245 | 1 | 0 |
_aCristianos más allá de la religión : _bcristianismo y no-dualidad / _cEnrique Martínez Lozano. |
| 264 | 1 |
_aBoadilla del Monte (Madrid) : _bPPC, _c[2015] |
|
| 300 | _a1 online resource. | ||
| 336 |
_atext _btxt _2rdacontent |
||
| 337 |
_acomputer _bc _2rdamedia |
||
| 338 |
_aonline resource _bcr _2rdacarrier |
||
| 347 |
_atext file _2rdaft |
||
| 347 | _bEPUB | ||
| 490 | 1 | _aActualidad | |
| 504 | _aIncludes bibliographical references. | ||
| 588 | 0 | _aOnline resource; title from ePub title page (Digitalia, viewed December 5, 2022) | |
| 650 | 0 | _aChristianity. | |
| 650 | 0 | _aDualism (Religion) | |
| 791 | 2 |
_aDigitalia (Firm), _edistributor. |
|
| 793 | 0 |
_gDigitalia eBook Collection: _aGrupo SM |
|
| 776 | 0 | 8 |
_iPrint version: _aMartínez Lozano, Enrique, 1950- _tCristianos más allá de la religión. _dBoadilla del Monte (Madrid) : PPC, [2015] _z9788428828147 |
| 830 | 0 | _aColección Actualidad (Madrid, Spain) | |
| 856 | 4 | 0 |
_3Digitalia Hispánica _uhttps://www.digitaliapublishing.com/a/85919/ |
| 910 | _aPremium collection: 2022 | ||
| 942 | _cRAA | ||
| 999 |
_c266834 _d266834 |
||